[Event "Challenge"]
[Site "http://www.queenalice.com/game.php?id=1068548"]
[Date "2012.6.5"]
[Round "-"]
[White "deedeedattebayo"]
[Black "jiujitsubr"]
[Result "0-1"]
[WhiteElo "1497"]
[BlackElo "1804"]

1. Nf3 Nf6 2. d3 g6 3. e4 d6 4. Nc3 Bg7 5. Be2 O-O 6. O-O Nbd7 7. d4 c6 8. b4
Qc7 9. Qd3 e5 10. Ng5 Qb6 11. Qh3 exd4 12. Na4 Qxb4 13. Nb2 Ne5 14. a3 Qxb2 15.
Bxb2 Bxh3 16. Nxh3 c5 17. f4 Nc6 18. c3 Nxe4 19. Bf3 dxc3 20. Bc1 Nd2 21. Ng5
Nxf1 22. Kxf1 Nd4 23. Bxb7 Rab8 24. Bd5 c2 25. Nxf7 Rxf7 26. Bxf7+ Kxf7 27. Ke1
Rb1 28. Rxb1 cxb1=Q 29. Kd1 Qc2+ 30. Ke1 Qe2# 0-1

[Event "Challenge"]
[Site "http://www.queenalice.com/game.php?id=1068549"]
[Date "2012.6.5"]
[Round "-"]
[White "jiujitsubr"]
[Black "deedeedattebayo"]
[Result "0-1"]
[WhiteElo "1804"]
[BlackElo "1438"]

1. d4 d5 2. c4 e6 3. Nc3 Nf6 4. e3 Be7 5. Bd3 O-O 6. Nge2 Nc6 7. O-O Nb4 8. a3
Nxd3 9. Qxd3 c5 10. f3 Qd6 11. e4 e5 12. dxe5 Qxe5 13. cxd5 Bd6 14. f4 Qh5 15.
e5 Ng4 16. h3 Nh6 17. exd6 Bf5 18. Qe3 Rae8 19. Qg3 a6 20. Qf3 c4 21. g4 Nxg4
22. hxg4 Bxg4 23. Qg2 b5 24. f5 Bxe2 25. Nxe2 Rxe2 26. Qg3 f6 27. d7 Rd8 28. Qf3
Qh2# 0-1

[Event "Challenge"]
[Site "http://www.queenalice.com/game.php?id=1068552"]
[Date "2012.6.5"]
[Round "-"]
[White "deedeedattebayo"]
[Black "stefan0611"]
[Result "0-1"]
[WhiteElo "1472"]
[BlackElo "1693"]

1. d4 d5 2. Nc3 Nf6 3. e3 e6 4. Bb5+ Bd7 5. Nf3 c6 6. Bd3 c5 7. b3 cxd4 8. Nxd4
Bb4 9. Bb2 e5 10. Nf5 O-O 11. O-O Nc6 12. e4 Bxf5 13. exf5 e4 14. Be2 Qd7 15. a3
Bxc3 16. Bxc3 Qxf5 17. f3 Qf4 18. Bd2 e3 19. Bc3 d4 20. Bb2 Rad8 21. g3 Qe5 0-1

[Event "AUTO-INT-2343"]
[Site "http://www.queenalice.com/game.php?id=1068780"]
[Date "2012.6.6"]
[Round "1"]
[White "deedeedattebayo"]
[Black "joao_messias"]
[Result "0-1"]
[WhiteElo "1446"]
[BlackElo "1852"]

1. Nf3 d5 2. d4 e6 3. e3 a6 4. Nc3 Nf6 5. a4 Nc6 6. Bd3 Be7 7. O-O O-O 8. Ng5 h6
9. Nf3 Bd6 10. b3 Bd7 11. Nh4 Ne7 12. Qf3 Nc6 13. e4 dxe4 14. Nxe4 Nh7 15. Nxd6
cxd6 16. Qe4 f5 17. Nxf5 exf5 18. Qd5+ Kh8 19. Qxd6 Qe7 20. Qc7 Nxd4 21. Be3
Rac8 22. Qxb7 Qd6 23. Bxa6 Rc7 24. Bxd4 Rxb7 25. Bxb7 Qxd4 26. Rad1 Qc5 27. Rxd7
Nf6 28. Rd3 Qxc2 29. Rg3 Ne4 30. Bxe4 fxe4 31. f3 Qxb3 32. fxe4 Rxf1+ 0-1

[Event "AUTO-INT-2343"]
[Site "http://www.queenalice.com/game.php?id=1068781"]
[Date "2012.6.6"]
[Round "1"]
[White "joao_messias"]
[Black "deedeedattebayo"]
[Result "1-0"]
[WhiteElo "1850"]
[BlackElo "1446"]

1. e4 e5 2. Nf3 Nc6 3. d3 Bb4+ 4. Bd2 Nf6 5. Bxb4 Nxb4 6. a3 Na6 7. Nxe5 O-O 8.
Nf3 d6 9. h3 d5 10. e5 Nd7 11. d4 c5 12. c3 Nb6 13. Bxa6 bxa6 14. Qd3 c4 15. Qd1
Bd7 16. O-O Ba4 17. Qe2 Qd7 18. Re1 Rfe8 19. Nh2 Qe6 20. Qg4 f5 21. Qf4 Bc2 22.
Nd2 Na4 23. Ndf3 Nxb2 24. Qd2 Nd3 25. Qxc2 Nxe1 26. Nxe1 Rab8 27. Rb1 g5 28.
Rxb8 Rxb8 29. Nhf3 h6 30. Qa4 g4 31. hxg4 fxg4 32. Nh2 h5 33. Nc2 Rb1+ 34. Nf1
1-0

[Event "AUTO-INT-2343"]
[Site "http://www.queenalice.com/game.php?id=1068782"]
[Date "2012.6.6"]
[Round "1"]
[White "deedeedattebayo"]
[Black "malouco"]
[Result "0-1"]
[WhiteElo "1478"]
[BlackElo "1602"]

1. e3 b6 2. Be2 Bb7 3. Nc3 Bxg2 4. Bf3 Bxh1 5. Bxh1 c6 6. d4 e6 7. Nf3 Bb4 8.
Bd2 Bxc3 9. Bxc3 Nf6 10. Qd3 O-O 11. Kd1 d5 12. Kd2 Ne4+ 13. Ke2 Nxc3+ 14. bxc3
c5 15. Rg1 c4 16. Qd2 a5 17. Ng5 b5 18. e4 Nd7 19. Qe3 dxe4 20. Qxe4 Nf6 21. Qh4
h6 22. f4 Rb8 23. Rf1 hxg5 24. fxg5 Nd5 25. Be4 Nxc3+ 26. Ke3 Nxe4 0-1

[Event "AUTO-INT-2343"]
[Site "http://www.queenalice.com/game.php?id=1068783"]
[Date "2012.6.6"]
[Round "1"]
[White "malouco"]
[Black "deedeedattebayo"]
[Result "1-0"]
[WhiteElo "1613"]
[BlackElo "1461"]

1. b3 Nc6 2. Bb2 e5 3. e3 Bd6 4. Nf3 Nge7 5. Be2 O-O 6. O-O a6 7. d3 Bb4 8. Nxe5
Bd6 9. Nxc6 Nxc6 10. Ba3 Bxa3 11. Nxa3 d5 12. c4 Ne5 13. cxd5 Qxd5 14. Nc4 Ng4
15. Bxg4 b5 16. Bf3 Qg5 17. Bxa8 bxc4 18. dxc4 Bh3 19. Qf3 Bg4 20. Qd5 Qg6 21.
Bc6 Be6 22. Qc5 Rd8 23. Bd5 Qg5 24. Qxc7 h5 25. Bxe6 fxe6 26. Rad1 Re8 27. Rd6
1-0

[Event "AUTO-INT-2343"]
[Site "http://www.queenalice.com/game.php?id=1068784"]
[Date "2012.6.6"]
[Round "1"]
[White "deedeedattebayo"]
[Black "NickThorp"]
[Result "1-0"]
[WhiteElo "1482"]
[BlackElo "1591"]

1. e4 e5 2. Nf3 Nc6 3. Nc3 Bb4 4. Nd5 Nf6 5. c3 Bd6 6. Bd3 O-O 7. O-O Nxd5 8.
exd5 Ne7 9. c4 c6 10. a3 a6 11. b4 cxd5 12. cxd5 Nxd5 13. Be4 Nf6 14. Qc2 g6 15.
Ng5 Nxe4 16. Nxe4 Qe7 17. Bb2 f5 18. Nxd6 Qxd6 19. Rae1 e4 20. Re3 b5 21. f3 Bb7
22. d3 Rfe8 23. f4 Rac8 24. Qb3+ Bd5 25. Qc3 Qe7 26. Qh8+ Kf7 27. Qxh7+ Ke6 28.
Qxg6+ 1-0

[Event "AUTO-INT-2343"]
[Site "http://www.queenalice.com/game.php?id=1068785"]
[Date "2012.6.6"]
[Round "1"]
[White "NickThorp"]
[Black "deedeedattebayo"]
[Result "1-0"]
[WhiteElo "1654"]
[BlackElo "1439"]

1. e4 e5 2. Nf3 Nc6 3. Bb5 Nge7 4. O-O a6 5. Ba4 b5 6. Bb3 d5 7. d3 Nb4 8. Bd2
a5 9. Nxe5 a4 10. Bxb4 axb3 11. cxb3 dxe4 12. dxe4 Bb7 13. Qxd8+ Rxd8 14. Nc3 c6
15. a4 f6 16. Ng4 f5 17. Bxe7 Bxe7 18. exf5 b4 19. Ne4 c5 20. f6 Bxe4 21. fxe7
Kxe7 22. Rfe1 Rd4 23. Rad1 h5 24. Rxd4 cxd4 25. Rxe4+ Kd6 26. Rxd4+ Kc5 27. Rc4+
Kd5 28. Ne3+ Ke5 29. Rxb4 Rd8 30. Rb5+ Kf6 31. Rxh5 Rd2 32. Rb5 Rxb2 33. g3 Rb1+
34. Kg2 Kg6 35. h4 Kh6 36. a5 Rc1 37. a6 Ra1 38. Rb6+ g6 39. Nf5+ Kh5 40. Nd6 g5
41. hxg5 Kxg5 42. b4 Re1 43. a7 Ra1 44. Nb5 Kf5 45. Rb8 1-0

[Event "URSINHO BLAU BLAU IX"]
[Site "http://www.queenalice.com/game.php?id=1070888"]
[Date "2012.6.11"]
[Round "-"]
[White "rogeriooliveira"]
[Black "deedeedattebayo"]
[Result "1-0"]
[WhiteElo "1366"]
[BlackElo "1480"]

1. e3 e5 2. e4 Nc6 3. Nf3 Nf6 4. Nc3 d6 5. Bb5 Bd7 6. Bxc6 bxc6 7. O-O Be7 8. d3
O-O 9. Bg5 d5 10. exd5 cxd5 11. Bxf6 Bxf6 12. Re1 Re8 13. Nxd5 Bg5 14. Nxg5 Qxg5
15. g3 Bg4 16. Kg2 Rac8 17. Qc1 Qh5 18. f3 Bxf3+ 19. Kg1 Qh3 20. Ne3 e4 21. dxe4
Rxe4 22. Qd2 Rce8 23. Nf5 Re2 24. Rxe2 Rxe2 25. Qd8+ Re8 26. Qxe8# 1-0

[Event "Let's Play Chess!"]
[Site "http://www.queenalice.com/game.php?id=1076079"]
[Date "2012.6.25"]
[Round "-"]
[White "william_1987br"]
[Black "deedeedattebayo"]
[Result "1-0"]
[WhiteElo "1586"]
[BlackElo "1506"]

1. e4 e5 2. Nf3 d6 3. Bc4 Qd7 4. O-O Be7 5. d3 b5 6. Bd5 c6 7. Bb3 Nf6 8. c4 O-O
9. a4 Na6 10. axb5 Nc5 11. Be3 Ng4 12. d4 Nxb3 13. Qxb3 Rb8 14. d5 1-0

[Event "Let's Play Chess!"]
[Site "http://www.queenalice.com/game.php?id=1076080"]
[Date "2012.6.25"]
[Round "-"]
[White "deedeedattebayo"]
[Black "william_1987br"]
[Result "0-1"]
[WhiteElo "1492"]
[BlackElo "1599"]

1. e4 e5 2. Nf3 Nc6 3. Bc4 Bc5 4. O-O Nf6 5. Bd3 O-O 6. Nc3 Nb4 7. Bc4 c6 8.
Nxe5 d5 9. d4 Bd6 10. Bb3 dxe4 11. Bxf7+ Kh8 12. g4 Bxe5 13. dxe5 Nxg4 14. Bh5
Nxe5 0-1

[Event "FAZENDEIRA DA SEMANA V"]
[Site "http://www.queenalice.com/game.php?id=1078044"]
[Date "2012.6.30"]
[Round "-"]
[White "rogeriooliveira"]
[Black "deedeedattebayo"]
[Result "1-0"]
[WhiteElo "1348"]
[BlackElo "1432"]

1. e4 e5 2. d4 d6 3. d5 Nf6 4. Nc3 Be7 5. Nf3 O-O 6. Bb5 a6 7. Be2 c6 8. O-O b5
9. b4 Bb7 10. Bg5 a5 11. bxa5 Rxa5 12. Bxf6 Bxf6 13. Nd2 b4 14. Ncb1 cxd5 15.
exd5 Bxd5 16. Bd3 Nc6 17. Nf3 Nd4 18. Re1 Re8 19. Nbd2 Qd7 20. Nxd4 exd4 21.
Rxe8+ Qxe8 22. Qe1 Be5 23. Qe2 1-0

[Event "FAZENDEIRA DA SEMANA VIII"]
[Site "http://www.queenalice.com/game.php?id=1078052"]
[Date "2012.6.30"]
[Round "-"]
[White "rogeriooliveira"]
[Black "deedeedattebayo"]
[Result "1-0"]
[WhiteElo "1367"]
[BlackElo "1413"]

1. e4 e5 2. d4 Nc6 3. d5 Nd4 4. c3 Nb5 5. c4 Nd4 6. Nf3 d6 7. Nxd4 exd4 8. Qxd4
Be7 9. Bd3 Nf6 10. O-O O-O 11. Qe3 c6 12. dxc6 bxc6 13. Nc3 c5 14. Qg3 Nh5 15.
Be2 Nxg3 16. hxg3 Be6 17. Bf4 Rb8 18. Rfe1 Rxb2 19. Bc1 Rb4 20. Ba3 Rxc4 21. Nd5
Rxe4 22. f3 Rd4 23. Ne3 1-0

[Event "Challenge"]
[Site "http://www.queenalice.com/game.php?id=1086419"]
[Date "2012.7.24"]
[Round "-"]
[White "iowahawk"]
[Black "deedeedattebayo"]
[Result "1-0"]
[WhiteElo "1362"]
[BlackElo "1459"]

1. e4 e5 2. Nf3 Nc6 3. Bc4 Nf6 4. Nc3 Bd6 5. O-O O-O 6. d3 Nd4 7. Be3 Nxf3+ 8.
Qxf3 c6 9. d4 c5 10. dxc5 Bc7 11. Nd5 Ba5 12. c3 a6 13. b4 b5 14. bxa5 bxc4 15.
Nxf6+ gxf6 16. Bh6 Re8 17. Qg3+ Kh8 18. Qg7# 1-0

[Event "Gelo e Fogo"]
[Site "http://www.queenalice.com/game.php?id=1102040"]
[Date "2012.9.11"]
[Round "-"]
[White "deedeedattebayo"]
[Black "jiujitsubr"]
[Result "0-1"]
[WhiteElo "1395"]
[BlackElo "1769"]

1. e4 e5 2. Nf3 Nc6 3. c3 Nf6 4. d4 Nxe4 5. Bd3 Nf6 6. O-O d6 7. Qb3 Na5 8. Qb5+
Nc6 9. Nbd2 Be7 10. Ne4 O-O 11. Bg5 a6 12. Qc4 d5 13. Qb3 dxe4 14. Be2 exf3 15.
Bxf3 exd4 16. Rad1 d3 0-1

[Event "Festim dos corvos"]
[Site "http://www.queenalice.com/game.php?id=1114953"]
[Date "2012.10.22"]
[Round "-"]
[White "deedeedattebayo"]
[Black "jiujitsubr"]
[Result "0-1"]
[WhiteElo "1393"]
[BlackElo "1771"]

1. e4 e5 2. Qh5 d6 3. Bb5+ c6 4. Bc4 g6 5. Qe2 Nf6 6. Nf3 Bg7 7. Ng5 O-O 8. O-O
Nbd7 9. b3 Nb6 10. Bxf7+ Rxf7 11. Ne6 Bxe6 12. Nc3 d5 13. a4 d4 0-1